<?xml version="1.0" encoding="UTF-8"?>
<record
    xmlns:xsi="http://www.w3.org/2001/XMLSchema-instance"
    xsi:schemaLocation="http://www.loc.gov/MARC21/slim http://www.loc.gov/standards/marcxml/schema/MARC21slim.xsd"
    xmlns="http://www.loc.gov/MARC21/slim">

  <leader>00866    a2200217   4500</leader>
  <controlfield tag="003">dpl</controlfield>
  <controlfield tag="005">20180831170101.0</controlfield>
  <controlfield tag="008">080903t        xxu||||| |||| 00| 0 hin d</controlfield>
  <datafield tag="010" ind1=" " ind2=" ">
    <subfield code="a">HIN-78937</subfield>
  </datafield>
  <datafield tag="020" ind1=" " ind2=" ">
    <subfield code="a">8176751456</subfield>
    <subfield code="c">350.00</subfield>
  </datafield>
  <datafield tag="035" ind1=" " ind2=" ">
    <subfield code="a">HN-51283, B-193629</subfield>
  </datafield>
  <datafield tag="037" ind1=" " ind2=" ">
    <subfield code="b">D.B.Act / pub</subfield>
  </datafield>
  <datafield tag="040" ind1=" " ind2=" ">
    <subfield code="c">0</subfield>
  </datafield>
  <datafield tag="082" ind1=" " ind2=" ">
    <subfield code="a">821.08</subfield>
  </datafield>
  <datafield tag="245" ind1=" " ind2=" ">
    <subfield code="a">&#x924;&#x941;&#x932;&#x938;&#x940;&#x926;&#x93E;&#x938;: &#x90F;&#x915; &#x92A;&#x941;&#x928;&#x930;&#x94D;&#x92E;&#x942;&#x932;&#x94D;&#x92F;&#x93E;&#x902;&#x915;&#x928;</subfield>
    <subfield code="c">&#x938;&#x902;&#x92A;&#x93E;&#x926;&#x915; &#x905;&#x91C;&#x92F; &#x924;&#x93F;&#x935;&#x93E;&#x930;&#x940;</subfield>
  </datafield>
  <datafield tag="246" ind1=" " ind2=" ">
    <subfield code="a">Tulsidas: Ek Punarmulyankar</subfield>
  </datafield>
  <datafield tag="260" ind1=" " ind2=" ">
    <subfield code="a">&#x92A;&#x902;&#x91A;&#x915;&#x942;&#x932;&#x93E;</subfield>
    <subfield code="b">&#x906;&#x927;&#x93E;&#x930; &#x92A;&#x94D;&#x930;&#x915;&#x93E;&#x936;&#x928;</subfield>
    <subfield code="c">2006</subfield>
  </datafield>
  <datafield tag="270" ind1=" " ind2=" ">
    <subfield code="a">&#x90F;&#x938;.&#x938;&#x940;.&#x90F;&#x92B;.267,&#x938;&#x947;&#x915;&#x94D;&#x91F;&#x930;-16</subfield>
    <subfield code="b">&#x92A;&#x902;&#x91A;&#x915;&#x942;&#x932;&#x93E;</subfield>
    <subfield code="e">134113( &#x939;&#x930;&#x93F;&#x92F;&#x93E;&#x923;&#x93E;)</subfield>
  </datafield>
  <datafield tag="300" ind1=" " ind2=" ">
    <subfield code="a">315&#x92A;&#x943;</subfield>
    <subfield code="c">22 &#x938;&#x947;&#x92E;&#x940; (&#x938;&#x91C;&#x93F;&#x932;&#x94D;&#x926;)</subfield>
  </datafield>
  <datafield tag="942" ind1=" " ind2=" ">
    <subfield code="a">dpl</subfield>
    <subfield code="c">HN</subfield>
    <subfield code="k">821.08 / &#x924;&#x941;&#x932;&#x938;&#x940;</subfield>
    <subfield code="2">ddc</subfield>
    <subfield code="h">821.08</subfield>
    <subfield code="m">&#x924;&#x941;&#x932;&#x938;&#x940;</subfield>
  </datafield>
  <datafield tag="999" ind1=" " ind2=" ">
    <subfield code="c">1023</subfield>
    <subfield code="d">1023</subfield>
  </datafield>
  <datafield tag="952" ind1=" " ind2=" ">
    <subfield code="0">0</subfield>
    <subfield code="1">0</subfield>
    <subfield code="4">0</subfield>
    <subfield code="7">1</subfield>
    <subfield code="8">NFIC</subfield>
    <subfield code="a">DBAD</subfield>
    <subfield code="b">DBAD</subfield>
    <subfield code="d">2008-09-03</subfield>
    <subfield code="g">350.00</subfield>
    <subfield code="l">0</subfield>
    <subfield code="o">821.08 &#x924;&#x941;&#x932;&#x938;&#x940;</subfield>
    <subfield code="p">HN-51283</subfield>
    <subfield code="r">2008-09-15 00:00:00</subfield>
    <subfield code="t">1</subfield>
    <subfield code="u">1087</subfield>
    <subfield code="v">350.00</subfield>
    <subfield code="w">2008-09-15</subfield>
    <subfield code="y">HN</subfield>
  </datafield>
  <datafield tag="952" ind1=" " ind2=" ">
    <subfield code="0">0</subfield>
    <subfield code="1">0</subfield>
    <subfield code="2">ddc</subfield>
    <subfield code="4">0</subfield>
    <subfield code="7">0</subfield>
    <subfield code="8">NFIC</subfield>
    <subfield code="a">BL4</subfield>
    <subfield code="b">BL4</subfield>
    <subfield code="d">2018-08-31</subfield>
    <subfield code="e">BPPD/PUB</subfield>
    <subfield code="g">350.00</subfield>
    <subfield code="l">1</subfield>
    <subfield code="o">821.08 &#x924;&#x941;&#x932;&#x938;&#x940;</subfield>
    <subfield code="p">B-193629</subfield>
    <subfield code="r">2018-09-14 00:00:00</subfield>
    <subfield code="s">2018-08-31</subfield>
    <subfield code="v">350.00</subfield>
    <subfield code="w">2018-08-31</subfield>
    <subfield code="y">HN</subfield>
  </datafield>
</record>
